000 00379nam a2200133Ia 4500
008 240624s9999 xx 000 0 und d
041 _aeng
082 _a658.4038 HBS
100 _aHARVARD BUSINESS SCHOOL PRESS
245 _aMANAGING KNOWLEDGE TO FUEL GROWTH
260 _c2007
_aBoston
_bHarvard Business School Press
300 _avii, : 158 : p. : cm. ; 21
365 _cRS
_b30
999 _c14272
_d14272